Statistics for Real Madrid CF Squad 2007-2008

Click here to take the quiz!

General Stats

  • This quiz has been taken 51 times
  • The average score is 15 of 26

Answer Stats

#PositionNationPlayer% Correct
1GKSpainIker Casillas
100%
3DFPortugalPepe
98%
4DFSpainSergio Ramos
95%
7FWSpainRaúl González
91%
5DFItalyFabio Cannavaro
84%
11FWNetherlandsArjen Robben
82%
17FWNetherlandsRuud van Nistelrooy
80%
12DFBrazilMarcelo Vieira
75%
20FWArgentinaGonzalo Higuaín
73%
6MFMaliMahamadou Diarra
70%
8MFArgentinaFernando Gago
68%
25GKPolandJerzy Dudek
66%
10FWBrazilRobinho
64%
2DFSpainMíchel Salgado
61%
14MFSpainGuti
50%
23MFNetherlandsWesley Sneijder
50%
16DFArgentinaGabriel Heinze
48%
18FWArgentinaJavier Saviola
41%
21DFGermanyChristoph Metzelder
32%
15MFNetherlandsRoyston Drenthe
32%
-CoachGermany
Bernd Schuster
25%
19MFBrazilJúlio Baptista
25%
22DFSpainMiguel Torres
18%
24FWEquatorial GuineaJavier Balboa
16%
13GKSpainJordi Codina
14%
9FWSpainRoberto Soldado
14%

Score Distribution

Percentile by Number Answered

Percent of People with Each Score

Your Score History

You have not taken this quiz